Longest Land Borders - Extreme - Statistics

General Stats
  • This quiz has been taken 101 times
  • The average score is 123 of 156
Answer Stats
Hint Answer % Correct
Argentina Chile
100%
Chile Argentina
97%
Bolivia Brazil
97%
United States Canada
95%
Haiti Dominican Republic
95%
Belize Guatemala
95%
Dominican Republic Haiti
95%
Papua New Guinea Indonesia
95%
Guatemala Mexico
95%
Ecuador Peru
95%
Andorra Spain
95%
Canada United States
95%
Mexico United States
95%
Colombia Venezuela
95%
Brazil Bolivia
94%
Guyana Brazil
94%
Panama Costa Rica
94%
Bosnia & Herzegovina Croatia
94%
Nicaragua Honduras
94%
Honduras Nicaragua
94%
Costa Rica Panama
94%
Paraguay Argentina
92%
Peru Brazil
92%
Belgium France
92%
Austria Germany
92%
El Salvador Honduras
92%
Bulgaria Romania
92%
Belarus Russia
92%
Croatia Bosnia and Herzegovina
90%
Uruguay Brazil
90%
Venezuela Brazil
90%
Czechia Germany
90%
Denmark Germany
90%
Monaco France
89%
Albania Greece
89%
Suriname Guyana
89%
Estonia Latvia
89%
Latvia Lithuania
89%
Finland Russia
89%
Portugal Spain
89%
Norway Sweden
89%
Liechtenstein Switzerland
89%
Luxembourg Belgium
87%
Angola Dem Rep Congo
87%
Netherlands Germany
87%
San Marino Italy
87%
Algeria Morocco
87%
Italy Switzerland
87%
Ireland United Kingdom
87%
United Kingdom Ireland
85%
Vatican City Italy
85%
Sweden Norway
85%
Spain Portugal
85%
Central African Republic Dem Rep Congo
84%
Russia Kazakhstan
84%
Ukraine Russia
84%
Botswana South Africa
84%
Lithuania Belarus
82%
Greece Bulgaria
82%
Romania Bulgaria
82%
Macedonia Greece
82%
Switzerland Italy
82%
Benin Nigeria
82%
Kosovo Serbia
81%
Chad Sudan
81%
Egypt Sudan
81%
Slovenia Croatia
79%
Iraq Iran
79%
Iran Iraq
79%
Burkina Faso Mali
79%
Lesotho South Africa
79%
Moldova Ukraine
79%
Congo Dem Rep Congo
77%
Bangladesh India
77%
Indonesia Malaysia
77%
China Mongolia
77%
South Korea North Korea
77%
Georgia Russia
77%
Kazakhstan Russia
77%
Oman Saudi Arabia
77%
Qatar Saudi Arabia
77%
Hungary Slovakia
77%
France Brazil
76%
Mongolia China
76%
Germany Czechia
76%
Israel Egypt
76%
Djibouti Ethiopia
76%
Eritrea Ethiopia
76%
Pakistan India
76%
Kuwait Iraq
76%
Brunei Malaysia
76%
Cameroon Nigeria
76%
Gambia Senegal
76%
Burundi Tanzania
76%
Cambodia Vietnam
76%
Saudi Arabia Yemen
76%
Armenia Azerbaijan
74%
India Bangladesh
74%
North Korea China
74%
Libya Egypt
74%
Slovakia Hungary
74%
Bhutan India
74%
Nepal India
74%
Timor-Leste Indonesia
74%
Afghanistan Pakistan
74%
Jordan Saudi Arabia
74%
Ethiopia Somalia
74%
Ghana Togo
74%
Morocco Algeria
73%
Namibia Angola
73%
Azerbaijan Armenia
73%
South Africa Botswana
73%
Malaysia Indonesia
73%
Vietnam Laos
73%
Thailand Myanmar
73%
Serbia Romania
73%
Yemen Saudi Arabia
73%
South Sudan Sudan
73%
Lebanon Syria
73%
Laos Vietnam
73%
Tunisia Algeria
71%
Montenegro Bosnia and Herzegovina
71%
Poland Czechia
71%
Mauritania Mali
71%
Mali Mauritania
71%
Niger Nigeria
71%
United Arab Emirates Saudi Arabia
71%
Swaziland South Africa
71%
Syria Turkey
71%
Rwanda Burundi
68%
Myanmar China
68%
Guinea-Bissau Guinea
68%
Kenya Uganda
68%
Gabon Congo
66%
Somalia Ethiopia
66%
Equatorial Guinea Gabon
66%
Tanzania Kenya
66%
Côte d'Ivoire Liberia
66%
Malawi Mozambique
66%
Sudan South Sudan
66%
Turkmenistan Uzbekistan
66%
Turkey Syria
65%
Dem Rep Congo Angola
63%
Uzbekistan Kazakhstan
63%
Senegal Mauritania
63%
Togo Ghana
61%
Sierra Leone Guinea
61%
Uganda Kenya
61%
Guinea Mali
61%
Kyrgyzstan Uzbekistan
60%
Mozambique Malawi
58%
Nigeria Cameroon
56%
Liberia Côte d'Ivoire
53%
Zambia Dem Rep Congo
53%
Tajikistan Afghanistan
50%
Zimbabwe Mozambique
48%
No matching quizzes found
Score Distribution
Percent of People with Each Score
Percentile by Number Answered
Your Score History
You have not taken this quiz